[Event "SolidarityMatch Ukraine-Sweden"]
[Site "Online"]
[Date "2022.03.21"]
[Round "1"]
[White "Hillarp Persson, Tiger"]
[Black "Solodovnichenko, Yuri"]
[Result "0-1"]
[WhiteElo "2525"]
[BlackElo "2430"]
[Annotator "TA"]
[PlyCount "87"]
[EventDate "2022.03.23"]
[EventCountry "NET"]
[SourceTitle "playchess.com"]
[Source "ChessBase"]
[SourceQuality "1"]

{[%evp 13,87,4,14,-14,0,0,18,-5,32,8,35,-8,7,0,39,35,35,22,26,0,10,0,0,-17,-12,-17,-16,-53,-27,-52,-13,-21,0,0,0,-16,0,0,0,-8,-12,-2,-19,-27,0,-7,0,0,0,-29,-32,-24,-41,-29,-18,-38,-23,-68,-75,-60,-53,-130,-124,-117,-110,-180,-178,-238,-108,-224,-224,-317,-316,-313,-314,-292]} 1. Nf3 c5 2. g3 b6 3. Bg2 Bb7 4. O-O Nf6 5. d3 e6 6. e4 d6 7. Nbd2 Be7 8. Ng5 {[#] A05: Réti Opening: 1 Nf3 Nf6.} Nfd7 $146 ({Predecessor:} 8... h6 9. Nh3 h5 10. f4 Ng4 11. Qe2 d5 12. e5 Nc6 13. c3 d4 14. Ne4 dxc3 15. bxc3 Qd7 {0-1 (62) Elkmann,J (2033)-Hahn,M (2148) Bad Homburg 2012}) 9. Nh3 Nc6 10. f4 {The position is equal.} Qc7 11. c3 O-O 12. Nf3 (12. Nc4 $14) 12... Rae8 13. Be3 c4 14. d4 Nd8 15. e5 f5 16. exd6 Bxd6 17. Qe2 Nf6 18. a4 Bd5 19. Ne5 Nc6 20. Nf2 Na5 21. Bxd5 exd5 22. g4 fxg4 (22... Nc6 $5 {[%cal Rc6e5]}) 23. Nfxg4 Nc6 {[%cal Ba5c6,Bc6e7,Be7f5][%mdl 32]} 24. Kh1 Kh8 25. Rg1 Ne4 26. Rg2 Ne7 27. Rag1 Nf5 {With the idea ...Nh4.} 28. Nf2 Nxf2+ ({Much less strong is} 28... Bxe5 29. fxe5 Nxf2+ 30. Rxf2 $11) 29. Bxf2 Re6 30. Qf3 Qb7 31. Nxc4 {[#]} Bxf4 $1 {[%cal Oh8g8]} 32. Ne5 $1 Bxe5 33. dxe5 {[%cal Og2g7]} Ree8 {[%cal Of5h4] aiming for ...Nh4!} 34. Qf4 {[%cal Oe5e6] Prevents Nh4.} Qe7 35. Rg5 (35. Qg4 $11) 35... Qxe5 $15 36. Qxe5 Rxe5 37. Bd4 ({White should play} 37. R5g2 $15) 37... Re7 $17 38. Rd1 h6 39. Rg2 (39. Rg4 $17 {might work better.}) 39... Nxd4 $19 40. Rxd4 (40. cxd4 $142 Rf4 41. Rgd2) 40... Rf1+ 41. Rg1 Rf2 42. Rxd5 (42. Rb1 $142) 42... Rxb2 43. Rgd1 Ree2 {Prevents R5d2.} 44. Rh5 {Weighted Error Value: White=0.20 (precise) /Black=0.09 (flawless)} 0-1

[Event "SolidarityMatch Ukraine-Sweden"]
[Site "Online"]
[Date "2022.03.21"]
[Round "1"]
[White "Blomqvist, Erik"]
[Black "Kovalenko, Igor"]
[Result "1-0"]
[WhiteElo "2514"]
[BlackElo "2620"]
[Annotator "TA"]
[PlyCount "119"]
[EventDate "2022.03.23"]
[EventCountry "NET"]
[SourceTitle "playchess.com"]
[Source "ChessBase"]
[SourceQuality "1"]

{[%evp 13,119,0,8,0,0,-24,-20,-44,-29,-48,-29,-35,0,-15,-10,0,0,0,130,116,165,161,185,165,150,159,147,135,147,119,127,132,147,131,126,131,143,132,135,144,134,146,147,139,145,114,114,120,177,74,67,55,220,220,443,275,284,281,250,227,227,226,227,227,230,199,229,188,316,322,344,339,352,309,334,329,283,281,433,431,406,367,470,470,470,470,443,0,426,358,366,350,468,442,482,482,558,558,548,541,777,724,908,887,831,809,29966,5443]} 1. e4 c5 2. Nf3 e6 3. c3 d5 4. exd5 Qxd5 5. d4 Nf6 6. Na3 a6 7. Nc4 Nbd7 8. Be3 {B22: Sicilian: 2 c3.} b5 9. Nce5 Nxe5 10. Nxe5 {[%cal Bf3e5,Be5d3,Bd3b4][%mdl 32] The position is equal.} Bb7 $1 {[#]} 11. a4 $146 ({Predecessor:} 11. dxc5) 11... cxd4 (11... Bd6 {is more complex.} 12. Qf3 cxd4 13. Bxd4 Qxd4 14. cxd4 Bxf3 15. Nxf3 Bb4+) 12. Qxd4 {[#] axb5 is the strong threat.} b4 (12... Bd6 {with more complications.} 13. Nf3 b4 14. Rd1 Be7 15. Be2 Qc6) 13. c4 {[%cal Bc3c4,Bc4c5][%mdl 32]} Qxd4 14. Bxd4 Ne4 {Prevents c5.} 15. Nd3 {Inhibits Bc5.} O-O-O (15... Nd6 $11) 16. Bb6 $16 {[%cal Bd4b6,Bb6a5,Ba5c3][%mdl 32]} Re8 (16... Be7 $16 {was worth a try.}) 17. c5 $18 Kb8 18. f3 Nf6 19. Nxb4 a5 20. Bxa5 {Black must now prevent Rc1. White is more active.} Bxc5 21. O-O-O Rc8 {[#] Hoping for ...Bxb4+.} 22. Kb1 Ka7 {Inhibits Na6.} 23. Bb5 Nd5 24. Nxd5 Bxd5 25. Bc3 f6 26. Rhe1 Rc7 27. Rc1 {[%cal Oc3d4] Strongly threatening Bd4!} Bd6 28. Bd4+ Kb7 29. Rxc7+ Bxc7 30. h3 h5 (30... Bb3 $16 {keeps fighting.}) 31. Rc1 (31. b4 $18 {and White stays clearly on top.}) 31... Rd8 $16 {[%cal Od5f3]} 32. Be3 Bd6 $2 {White leaves nothing to chance now.} ({Black should play} 32... Bb3 $1 $14) 33. a5 $18 {aiming for a6+.} Be5 $2 (33... Ra8 {was necessary.}) 34. Be2 Rb8 35. b4 Ra8 36. a6+ Rxa6 37. Bxa6+ Kxa6 {[%mdl 4096] Endgame KRB-KB} 38. Rc5 g5 39. Ra5+ Kb7 40. b5 Bb8 (40... Bc4 $142 41. Ra6 Bd3+ 42. Kc1 Kc7) 41. Ra4 Bb3 42. Rb4 Bd5 43. Kc2 Bg3 44. Ra4 Kb8 45. Kd3 Bc7 (45... Kc8 $142 46. Bd4 e5) 46. h4 Bd8 47. Bc5 f5 48. hxg5 Bxg5 49. Ra7 Bb7 50. Ra4 Bd5 $1 51. Ba7+ Kc8 52. Bd4 {To avoid Bf6} Bf4 53. Bf2 e5 54. Ra6 Kd7 55. Rf6 Ba2 56. b6 e4+ 57. Kd4 exf3 58. gxf3 Bb1 59. b7 Kc7 60. b8=Q+ {Weighted Error Value: White=0.23 (precise) /Black=0.46} 1-0

[Event "SolidarityMatch Ukraine-Sweden"]
[Site "Online"]
[Date "2022.03.21"]
[Round "1"]
[White "Pantzar, Milton"]
[Black "Petrovskyi, Vadym"]
[Result "1-0"]
[WhiteElo "2404"]
[BlackElo "2347"]
[Annotator "TA"]
[PlyCount "63"]
[EventDate "2022.03.23"]
[EventCountry "NET"]
[SourceTitle "playchess.com"]
[Source "ChessBase"]
[SourceQuality "1"]

{[%evp 17,62,37,33,18,56,35,52,42,62,24,63,8,90,63,72,75,104,47,58,34,58,33,172,185,266,69,401,384,365,381,495,570,656,626,658,652,998,1117,1772,1729,1768,1745,1759,1742,29989,29990,29999]} 1. c4 Nf6 2. Nc3 g6 3. e4 d6 4. d4 Bg7 5. Nf3 O-O 6. Be2 e5 7. O-O Nc6 8. d5 Ne7 9. b4 Nh5 10. a4 {E97: King's Indian: Classical Main Line (6...e5 7 0-0 Nc6): 8 Be3 and 8 d5 Ne7, not 9 Ne1.} h6 11. c5 f5 12. Re1 {White is slightly better.} Nf6 13. Bc4 {[#]} Kh7 $146 ({Predecessor:} 13... Kh8 14. cxd6 cxd6 15. Bb2 f4 16. Rc1 g5 17. Bf1 Ng6 18. Nd2 g4 19. g3 h5 {0-1 (65) Gromovs,S (2175)-Jimenez Ruano,A (2238) Benidorm 2018}) 14. Ra3 {White is more active.} (14. Nd2 $14) 14... f4 (14... Nxe4 $11 {remains equal.} 15. Nxe4 fxe4 16. Rxe4 g5) 15. a5 g5 16. h3 Rg8 17. a6 (17. b5 $16) 17... b6 $14 18. Nb5 Bf8 19. Kf1 h5 ({Better is} 19... Ng6 $14) 20. Bb2 $18 {[%cal Bc1b2,Bb2e5,Be5c7][%mdl 32]} g4 {[#]} (20... bxc5 $142 21. bxc5 Rg7 22. Nxe5 dxe5) 21. hxg4 $2 (21. Nxe5 $1 $18 {[%mdl 512]} bxc5 (21... dxe5 22. Bxe5) 22. Nf7) 21... hxg4 $2 {[%mdl 8192] [#]} (21... Nxg4 $14 22. Kg1 Ng6) 22. Nxe5 $1 {[%mdl 512]} dxe5 23. Bxe5 Ng6 24. Bxc7 Qe8 {[%cal Of4f3]} 25. e5 Nh5 26. e6 Qe7 27. Qxg4 Nf6 28. Rh3+ Bh6 29. Qg5 {[%csl Gh3][%cal Rg5h6]} Qg7 {[#]} 30. Nd4 $1 Ne7 (30... Ne5 31. Qxg7+) 31. Bd3+ Qg6 32. Qxh6# {Weighted Error Value: White=0.29 (precise) /Black=0.99} 1-0

[Event "SolidarityMatch Ukraine-Sweden"]
[Site "Online"]
[Date "2022.03.21"]
[Round "1"]
[White "Cramling, Pia"]
[Black "Doluhanova, Evgeniya"]
[Result "1/2-1/2"]
[WhiteElo "2396"]
[BlackElo "2202"]
[Annotator "TA"]
[PlyCount "67"]
[EventDate "2022.03.23"]
[EventCountry "NET"]
[SourceTitle "playchess.com"]
[Source "ChessBase"]
[SourceQuality "1"]

{[%evp 12,67,13,-4,0,11,11,11,11,0,16,0,16,0,24,27,29,32,33,31,51,36,67,60,80,89,73,42,50,57,51,18,21,17,19,19,20,16,31,14,14,0,0,0,21,0,0,0,0,0,0,4,2,0,4,0,5,0]} 1. d4 Nf6 2. c4 e6 3. Nf3 b6 4. Nc3 Bb7 5. a3 d5 6. Bg5 Be7 7. Qa4+ Nbd7 {E12: Queen's Indian: Unusual White 4th moves, 4 a3, 4 Nc3 Bb7 5 a3 and 4 Nc3 Bb7 .} 8. Bxf6 Bxf6 9. cxd5 exd5 10. g3 O-O 11. Bh3 Nb8 {[%cal Bd7b8,Bb8c6,Bc6e7,Be7g6][%mdl 32]} 12. O-O Nc6 13. Rad1 {[#]} Ne7 $146 ({Predecessor:} 13... g6 14. Bg2 Ne7 15. Ne5 Bg7 16. e4 f6 17. Nd3 dxe4 18. Nxe4 Nd5 19. Qb3 Rf7 {1-0 (39) Borovikov,V (2544)-Nosenko,A (2471) Kiev 2001}) 14. Rfe1 Bc6 15. Qc2 Bd7 16. Bg2 Rc8 17. e4 {[#] Black must now prevent e5. White is more active.} dxe4 18. Nxe4 Ng6 19. Nxf6+ Qxf6 20. Ne5 Bf5 21. Be4 Bxe4 22. Rxe4 {[#] Hoping for Nd7.} Nxe5 23. dxe5 Qe6 24. Qc4 Rfe8 25. Qxe6 Rxe6 $14 {[%mdl 4096] Endgame KRR-KRR. The position is equal.} 26. Rd7 Kf8 27. f4 Re7 28. Red4 Ke8 29. R7d5 c6 30. Rd6 Re6 31. Rd7 Re7 32. R7d6 Re6 33. Rd7 Re7 34. R7d6 {Weighted Error Value: White=0.06 (flawless) /Black=0.05 (flawless)} 1/2-1/2

[Event "SolidarityMatch Ukraine-Sweden"]
[Site "Online"]
[Date "2022.03.21"]
[Round "1.1"]
[White "Kovalenko, Igor"]
[Black "Blomqvist, Erik"]
[Result "1-0"]
[WhiteElo "2620"]
[BlackElo "2514"]
[Annotator "TA"]
[PlyCount "85"]
[EventDate "2022.03.23"]
[EventCountry "NET"]
[SourceTitle "playchess.com"]
[Source "ChessBase"]
[SourceQuality "1"]

{[%evp 21,85,25,22,0,52,0,72,75,69,75,65,69,50,39,51,28,29,0,33,27,152,158,147,143,139,145,686,212,390,391,375,388,360,387,380,313,359,339,302,306,237,153,265,81,274,256,12830,12831,12831,12831,12833,12833,12833,12834,12834,1441,973,879,12833,12831,12841,12840,12841,12840,12841,12842]} 1. d4 d5 2. c4 c6 3. Nf3 Nf6 4. Nc3 dxc4 5. a4 Bf5 6. Ne5 Nbd7 7. Nxc4 Qc7 8. g3 e5 9. dxe5 Nxe5 10. Bf4 Nfd7 11. Bg2 f6 12. a5 {D17: Slav Defence: 5 a4 Bf5: Lines with 6 Nh4 and 6 Ne5.} Rd8 ({Black should play} 12... Nc5 $11) 13. O-O {[#]} (13. Qc1 $14) 13... g5 $146 {[#]} (13... Nc5 $11 14. Qe1 Be7) ({Predecessor:} 13... Nc5 14. Qe1 Be7 15. Rd1 O-O 16. Nxe5 fxe5 17. Be3 Nb3 18. Bxa7 Qxa5 19. Be3 Nd4 20. Ne4 Qb5 21. Bxd4 exd4 {0-1 (54) Kozionov,K (2458)-Paravyan,D (2629) Sochi 2018}) 14. Nxe5 $1 $16 {White is better.} gxf4 15. Nxd7 {White is more active.} Rxd7 16. Qa4 fxg3 17. hxg3 {a6 is the strong threat.} a6 $1 18. Qh4 Qe5 19. Ra4 {[%cal Ba1a4,Ba4f4,Bf4f6][%mdl 32]} Bc5 20. Rf4 $36 {[%mdl 2048] Black must now prevent Bh3. White has good play.} Bg6 {Black is on the road to losing.} (20... Be7 $11 {keeps the balance.}) 21. Ne4 (21. Rxf6 $2 Be7 22. Bh3 Bxf6 $19) (21. Qxf6 $6 Qxf6 22. Rxf6 Bb4 $11) 21... Be7 22. Nxf6+ Bxf6 23. Rxf6 (23. Qxf6 $6 Qxf6 24. Rxf6 Rd2 $14) 23... Qxb2 $2 {[%mdl 8192]} (23... Rf8 $16 24. Rxf8+ Kxf8) 24. e4 $2 (24. Bh3 Rf7 25. Re6+ Kf8 26. f4) 24... Rf8 $2 (24... Qe5 {might work better.} 25. Bh3 Rd6 26. Rxd6 Qxd6) 25. Re6+ $18 Kf7 26. Bh3 {[%cal Oe6g6] Threatens to win with Rxg6!} Qd4 {[#]} 27. Rxg6 {[%mdl 512] Chess con chili.} hxg6 28. Qh7+ ({Weaker is} 28. Bxd7 Qxd7 29. Qh7+ Ke8 30. Qxg6+ Kd8 $16) 28... Ke8 29. Bxd7+ ({Less strong is} 29. Qxg6+ Kd8 $16) 29... Qxd7 30. Qxg6+ {[%mdl 4096] Endgame KQR-KQR} Kd8 31. Kg2 ({But not} 31. Qh6 $6 Re8 $16) 31... Qd4 (31... Kc8 $16 32. f4 Qd2+ 33. Rf2 Qd4) 32. f3 $2 (32. Qh7 $18 {and the rest is easy.}) 32... Qd2+ $2 (32... Rh8 $16) 33. Rf2 Qxa5 (33... Qd7 34. Qh6 Qe7) 34. Qd6+ {White is clearly winning.} Ke8 35. Rd2 {[%csl Gd2][%cal Rd6d7]} Rf7 {Prevents Qd7+.} 36. Qb8+ Ke7 37. Qxb7+ Kf8 38. Qb8+ (38. Qc8+ $142 Kg7 39. Rd8) 38... Kg7 39. Qb2+ Kh7 40. e5 Re7 41. f4 {Intending Rd6 and mate.} c5 42. Qc2+ Kg7 43. Rd6 {Weighted Error Value: White=0.64/Black=0.77} 1-0

[Event "SolidarityMatch Ukraine-Sweden"]
[Site "Online"]
[Date "2022.03.21"]
[Round "1.2"]
[White "Solodovnichenko, Yuri"]
[Black "Hillarp Persson, Tiger"]
[Result "0-1"]
[WhiteElo "2430"]
[BlackElo "2525"]
[Annotator "TA"]
[PlyCount "72"]
[EventDate "2022.03.23"]
[EventCountry "NET"]
[SourceTitle "playchess.com"]
[Source "ChessBase"]
[SourceQuality "1"]

{[%evp 17,72,11,11,7,24,27,23,22,24,12,16,7,9,9,50,48,62,51,43,47,85,65,61,60,76,39,100,0,157,92,114,93,104,-32,-47,-46,-46,-375,-375,-371,-362,-354,-358,-363,-357,-449,-452,-452,-433,-499,-499,-421,-431,-573,-582,-557,-536]} 1. e4 c5 2. Nf3 d6 3. d4 cxd4 4. Nxd4 Nf6 5. Nc3 a6 6. Be3 e5 7. Nf3 Be7 8. Bc4 O-O 9. O-O Nc6 10. Bg5 {B90: Sicilian Najdorf: Unusual White 6th moves, 6 Be3 Ng4 and 6 Be3 e5.} Ne8 11. Bxe7 Qxe7 12. Nd5 {White has an edge.} Qd8 {[#]} 13. a4 $146 ({Predecessor:} 13. Qd3 Na5 14. Nd2 Be6 15. Rfd1 Rc8 16. b4 Nxc4 17. Nxc4 Bxd5 18. Qxd5 Qc7 19. Ne3 {½-½ (43) Predke,A (2425)-Voitsekhovsky,S (2524) Izhevsk 2010}) 13... Be6 14. Qe2 Rc8 15. Rfd1 Kh8 (15... Ne7 $11 {is superior.}) 16. c3 $14 f5 17. exf5 Bxf5 18. Ne3 {Inhibits Bg4.} Qf6 19. Nxf5 Qxf5 20. Rd2 Qf4 21. Bd5 Rc7 ({Black should try} 21... Nf6 $14) 22. h4 (22. Rad1 $16) 22... h6 $2 {[#]} (22... Nf6 $11) 23. g3 (23. Ng5 $142 $1 {[%mdl 512]}) 23... Qf6 24. Kg2 {[%cal Of3g5]} Ne7 25. Rad1 ({White should play} 25. Bb3 $16) 25... Nxd5 $15 26. Rxd5 Rcf7 {[%cal Rf6f3]} 27. R1d3 {[%mdl 8192] This move loses the game for White.} (27. Nd2 $1 $15) 27... Qe6 $19 28. R5d4 {[#]} Rxf3 $1 {[%mdl 512]} 29. Rxf3 Rxf3 30. Kxf3 {[%mdl 4096] Endgame Kg2 is the strong threat. KQR-KQN} Qf7+ 31. Ke3 {Threatens to win with Rc4.} exd4+ {Black is clearly winning.} 32. Kxd4 Nf6 33. Qc4 Qxc4+ ({Wrong is} 33... Qh5 $2 34. Qc8+ Kh7 35. Ke3 $19) 34. Kxc4 Kg8 35. Kb4 Kf7 36. Ka5 Nd7 {Weighted Error Value: White=0.51/Black=0.19 (very precise)} 0-1

[Event "SolidarityMatch Ukraine-Sweden"]
[Site "Online"]
[Date "2022.03.21"]
[Round "1.5"]
[White "Petrovskyi, Vadym"]
[Black "Pantzar, Milton"]
[Result "0-1"]
[WhiteElo "2347"]
[BlackElo "2404"]
[Annotator "TA"]
[PlyCount "142"]
[EventDate "2022.03.23"]
[EventCountry "NET"]
[SourceTitle "playchess.com"]
[Source "ChessBase"]
[SourceQuality "1"]

{[%evp 14,142,25,28,22,16,64,23,39,4,12,0,0,0,0,-35,32,23,5,8,54,36,43,24,25,19,44,36,210,208,216,216,181,50,41,48,45,-26,0,0,0,0,106,0,0,-61,-54,-62,72,78,77,0,0,0,0,-31,-31,-90,-91,-93,-63,-63,-63,-63,-63,-63,-63,-64,-64,-64,-71,-71,-56,-63,-63,-78,-71,-78,-78,-80,-80,-80,-80,-80,-80,-86,-87,-111,-111,-266,-256,-1045,-273,-273,-266,-266,-266,-266,-169,-247,-169,-339,-169,-249,-125,-221,0,-249,-249,-363,-202,-467,-396,-557,-541,-419,-405,-399,-355,-597,-597,-555,-555,-1503,-1082,-1440,-1531,-1585,-1511,-1156,-898]} 1. e4 c6 2. d4 d5 3. Nc3 dxe4 4. Nxe4 Nf6 5. Nxf6+ exf6 6. c3 Bd6 7. Bd3 O-O 8. Qc2 Re8+ {B15: Caro-Kann: 3 Nc3: 3...g6 and 3...dxe4 4 Nxe4 Nf6 5 Nxf6+ exf6.} 9. Ne2 {[%cal Bg1e2,Be2g3,Bg3f5,Bf5d6][%mdl 32]} h5 (9... f5 $11) 10. Be3 (10. O-O $14 {is more appropriate.}) 10... Nd7 {White has an edge.} 11. Ng3 h4 12. Nf5 {[%csl LRd6,LRh4]} Nb6 13. Nxd6 Qxd6 {[#]} 14. O-O $146 ({Predecessor:} 14. O-O-O Be6 15. c4 Qd7 16. g3 Bg4 17. Rde1 h3 18. Rhf1 Re7 19. f3 Rae8 20. Bf2 Rxe1+ 21. Bxe1 Bxf3 {1-0 (37) Erigaisi,A (2559)-Sirosh,I (2405) Chess.com INT 2020}) 14... Nd5 (14... h3 $15 15. Rfe1 Qd5) 15. Bd2 h3 16. g3 b5 (16... Be6 $11) 17. a4 Bd7 18. axb5 cxb5 19. Rfe1 Bc6 {[%cal Od5c3]} 20. Bh7+ {A strong pair of Bishops.} Kh8 $2 (20... Kf8 $1 $14) 21. Qf5 $1 $18 g5 22. Qxh3 {White wants to mate with Bg6+.} Kg7 {To avoid Bg6. And now ...Rh8 would win.} 23. Be4 ({Better is} 23. Rxe8 $18 Rxe8 24. Bd3 (24. Rxa7 Rh8 $17)) 23... Rxe4 $1 $14 24. Rxe4 Nxc3 $1 {[#]} 25. Re3 ({Of course not} 25. Bxc3 Bxe4 26. Qg4 Qd5 $15) ({White should try} 25. Rh4 $1 $14 gxh4 26. Qg4+ (26. Bxc3 hxg3 27. Qxg3+ Qxg3+ 28. fxg3 a6 $14) (26. bxc3 Qe6 $11) 26... Kf8 27. Bxc3 (27. Bh6+ Ke8 $11) 27... hxg3 28. fxg3 (28. Qxg3 Qxg3+ 29. fxg3 a6 $14)) 25... Ne4 {Chess con chili.} (25... Qd5 $5 26. f3 Qxd4 $1 27. bxc3 Qxd2 $11) 26. Be1 Qd5 {[%cal Oe4d2] To avoid Qf5} 27. Qg2 Qxd4 {[#]} (27... g4 $11) 28. Bc3 (28. Rc1 $1 $16 {[%cal Rc1c6]} Bd5 29. Qf3) 28... Qd5 $40 {[%mdl 128] Black mounts an attack.} 29. Ba5 (29. f3 $11 Qc5 30. Bd2 Nxd2 31. Qxd2) 29... g4 $15 30. Rc1 Ng5 {Black is more active.} 31. Qxd5 $16 ({But not} 31. Rxc6 Nf3+ 32. Rxf3 gxf3 $11) 31... Bxd5 32. Rc7 (32. Rc5 $16 Nh3+ 33. Kf1) 32... Nf3+ $11 33. Kf1 Rh8 34. b3 Rxh2 35. Rxa7 (35. Bc3 $15) 35... Nd4 {[%cal Rh2h1]} 36. Ke1 Nc2+ 37. Kd2 Nxe3 38. Kxe3 Bxb3 $15 {[%mdl 4096] Endgame KRB-KRB} 39. Bc3 Rh5 40. Ra6 Rf5 41. Bd4 $1 Rf3+ 42. Kd2 Bc4 43. Be3 Rf5 44. Rb6 Rd5+ 45. Kc3 Rd3+ 46. Kb4 Kg6 47. Kc5 Rd5+ 48. Kb4 Kf5 49. Bc1 Rd3 50. Kc5 {[#]} Rf3 $1 51. Kd4 $2 (51. Bb2 $17) 51... Rxf2 $19 52. Bf4 $2 (52. Rc6) 52... Rf3 $2 (52... Rxf4+ 53. gxf4 Kxf4 54. Rxf6+ Kg5) 53. Bb8 Rd3+ 54. Kc5 Rd5+ 55. Kb4 Kg6 56. Bc7 (56. Rd6 {might work better.}) 56... Rf5 57. Bb8 $2 (57. Rd6) 57... Kg7 (57... Rf3 $142 {Threatens to win with ...Kf5.} 58. Ra6 Kg5) 58. Bc7 (58. Rd6 $142) 58... Rd5 (58... Rf3 $19 {White must now prevent ...Kg6.} 59. Kc5 Kg6) 59. Bb8 (59. Rd6 $17 {is a better defense.}) 59... Kg6 $2 ({Black should play} 59... Rd3 $19 {Strongly threatening ...Kg6.} 60. Rb7 Kg6) 60. Rc6 $2 (60. Bc7 $1 $11 {and White is okay.}) 60... Rd3 61. Rb6 (61. Kc5 $142) 61... Re3 (61... Rf3 $142 {aiming for ...Kf5.} 62. Ra6 Kf5) 62. Bf4 $2 (62. Kc5) 62... Rf3 {[%cal Of3f4]} 63. Bb8 (63. Bc7 $142 Kf5 64. Rb8) 63... Kf5 64. Rb7 Ke4 65. Re7+ Kd3 66. Rd7+ $2 (66. Re1) 66... Ke2 {Black is clearly winning.} 67. Rd4 f5 68. Rd8 f4 69. gxf4 g3 {[%cal Bg4g3,Bg3g2][%mdl 32]} 70. Rg8 Kf1 {Hoping for ...g2.} 71. Ba7 g2 {Never resign too early!  Weighted Error Value: White=0.46/Black=0.42} 0-1